| 000 | 00537nam a2200169 i 4500 | ||
|---|---|---|---|
| 001 | 94447 | ||
| 003 | ES-MaACL | ||
| 005 | 20240511063027.0 | ||
| 007 | t| | ||
| 008 | 050429s1904 sp ||||1| spa d | ||
| 100 | 1 |
_aLorenzo d'Ayot, Manuel, _d-1911 _9125762 |
|
| 245 | 1 | 0 |
_aFernando VII _b: drama histórico en cinco actos y en prosa / _cD'Ayot. |
| 260 |
_aMadrid : _bReforma literaria, _c1904. |
||
| 300 |
_a76 p. ; _c21 cm. |
||
| 852 |
_aES-MaACL _jT-1056-F-6 _z.- Dedicatoria manuscrita del autor |
||
| 999 |
_c94447 _d94447 |
||